| 000 | 00613nam a2200193Ia 4500 | ||
|---|---|---|---|
| 005 | 20250508150625.0 | ||
| 008 | 008 250505s9999 xx 000 0 eng d | ||
| 037 | _aTextual | ||
| 040 |
_aFEDL _beng _cFEDL |
||
| 041 |
_aeng _2eng |
||
| 084 |
_a370.950, WYN _qFEDL |
||
| 245 | 0 | _aNative education : Ceylon, Fava, Formosa, the Philippines, French Indo - China and British Malaya | |
| 260 |
_aLondon, UK _bOxford University Press _c1933 |
||
| 300 | _ax,263p | ||
| 490 | _aProblems of imperial trusteeship | ||
| 650 | _aEducation | ||
| 942 |
_cTEXL _h370.950, WYN |
||
| 999 |
_c1324650 _d1324650 |
||